header

Study guide : Psychology (Record no. 258450)

MARC details
000 -LEADER
fixed length control field 00484nam a22001817a 4500
003 - CONTROL NUMBER IDENTIFIER
control field OSt
005 - DATE AND TIME OF LATEST TRANSACTION
control field 20221003141847.0
008 - FIXED-LENGTH DATA ELEMENTS--GENERAL INFORMATION
fixed length control field 200615b xxu||||| |||| 00| 0 eng d
020 ## - INTERNATIONAL STANDARD BOOK NUMBER
International Standard Book Number 0130982644.
040 ## - CATALOGING SOURCE
Transcribing agency RU
050 ## - LIBRARY OF CONGRESS CALL NUMBER
Classification number BF121
Item number W31 2003
100 ## - MAIN ENTRY--PERSONAL NAME
Personal name Green Jeffrey D.
245 ## - TITLE STATEMENT
Title Study guide : Psychology
Statement of responsibility, etc Jeffrey D. Green Jody L. Davis
250 ## - EDITION STATEMENT
Edition statement seventh edition.
260 ## - PUBLICATION, DISTRIBUTION, ETC. (IMPRINT)
Place of publication, distribution, etc Upper Saddle River, NJ ,
Name of publisher, distributor, etc Prentice Hall
Date of publication, distribution, etc 2003
300 ## - PHYSICAL DESCRIPTION
Extent 275 p.
942 ## - ADDED ENTRY ELEMENTS (KOHA)
Source of classification or shelving scheme Library of Congress Classification
Koha item type Long Loan Books
Holdings
Withdrawn status Lost status Source of classification or shelving scheme Damaged status Not for loan Home library Current library Date acquired Total Checkouts Full call number Barcode Date last seen Price effective from Koha item type
    Library of Congress Classification     Rongo University Library Rongo University Library 15/06/2020   BF121 W31 2003 201615356 15/06/2020 15/06/2020 Long Loan Books
    Library of Congress Classification     Rongo University Library Rongo University Library 06/07/2020   BF121 W31 2003 201615370 06/07/2020 06/07/2020 Long Loan Books
    Library of Congress Classification     Rongo University Library Rongo University Library 06/07/2020   BF121 W31 2003 201615373 06/07/2020 06/07/2020 Long Loan Books

© 2026 Rongo University
Contact us: librarian | system librarian | Rongo university